书目信息 |
| 题名: |
鲁迅作序跋的著作选辑
|
|
| 作者: | 伽斯那 撰 | |
| 分册: | 痴华鬘 | |
| 出版信息: | 上海 上海书店 1985 |
|
| 页数: | 44页 | |
| 开本: | 19cm | |
| 丛书名: | ||
| 单 册: | ||
| 中图分类: | I210.4 | |
| 科图分类: | ||
| 主题词: | ||
| 电子资源: | ||
| ISBN: | ||
| 000 | 00508nam0 2200181 45 | |
| 001 | 0181013645 | |
| 005 | 20060414111018.12 | |
| 010 | @dCNY0.85 | |
| 100 | @a20810111d1985 km y0chiy0120 ea | |
| 101 | 0 | @achi |
| 200 | 1 | @a鲁迅作序跋的著作选辑@Aluxunzuoxubadezhuzuoxuanji@i痴华鬘@f伽斯那撰@Fjia si na zhuan |
| 210 | @a上海@c上海书店@d1985 | |
| 215 | @a44页@d19cm | |
| 517 | 1 | @a痴华鬘@Achi hua man |
| 690 | @aI210.4@v4 | |
| 701 | 0 | @a伽斯那@Ajia si na@4撰 |
| 801 | @aCN@bTSTC@c20060414 | |
| 905 | @dI210.4@e118:1(3) | |
| 鲁迅作序跋的著作选辑.痴华鬘/伽斯那撰.-上海:上海书店,1985 |
| 44页;19cm |
| ISBN :CNY0.85 |
| ● |
| 相关链接 |
|
|
|
|
正题名:鲁迅作序跋的著作选辑
索取号:I210.4/118:1(3)
 
预约/预借
| 序号 | 登录号 | 条形码 | 馆藏地/架位号 | 状态 | 备注 |
| 1 | 0146314 | 001401655 | 密集书库/ [索取号:I210.4/118:1(3)] | 在馆 | |
| 2 | 0146315 | 202085288 | 第一样本阅览室/ [索取号:I210.4/118:1(3)] | 在馆 |